000
00340nam a2200145Ia 4500
008
090124s9999 xx 000 0 und d
082
_b
205227
245
_a
SELF -CARE FOR WOMEN
250
_a
1
260
_b
SHETH PARUL
_c
1999
300
_a
150
630
_a
SELF -CARE FOR WOMEN
730
_a
SELF -CARE FOR WOMEN
942
_c
BOOK
999
_c
186808
_d
186808